Ремонт обмоток электрических машин высокого напряжения: учебное пособие

Chi tiết về thư mục
Tác giả chính: Клоков Б. К. Борис Константинович
Tác giả khác: Уманцев Р. Б. Рудольф Борисович
Ngôn ngữ:Tiếng Nga
Được phát hành: Москва, Высшая школа, 1991
Những chủ đề:
Định dạng: Sách
KOHA link:https://koha.lib.tpu.ru/cgi-bin/koha/opac-detail.pl?biblionumber=69995

MARC

LEADER 00000nam0a2200000 4500
001 69995
005 20231031080845.0
010 |a 5060008673 
035 |a (RuTPU)RU\TPU\book\74535 
090 |a 69995 
100 |a 20041109d1991 m y0rusy50 ca 
101 0 |a rus 
102 |a RU 
105 |a a j 001zy 
200 1 |a Ремонт обмоток электрических машин высокого напряжения  |e учебное пособие  |f Б. К. Клоков, Р. Б. Уманцев 
210 |a Москва  |c Высшая школа  |d 1991 
215 |a 191 с.  |c ил. 
320 |a Библиогр.: с. 190 
610 1 |a электротехника 
610 1 |a электрические машины 
610 1 |a обмотки 
610 1 |a ремонт 
610 1 |a изоляция 
610 1 |a высокое напряжение 
610 1 |a учебные пособия 
675 |a 621.313.04(075.9)  |v 3 
700 1 |a Клоков  |b Б. К.  |g Борис Константинович 
701 1 |a Уманцев  |b Р. Б.  |g Рудольф Борисович 
801 1 |a RU  |b 63413507  |c 20041109  |g PSBO 
801 2 |a RU  |b 63413507  |c 20150305  |g PSBO 
942 |c BK